OCP javaTM SE8 programmer II exam guid (Exam 1ZO-809) / (Record no. 157848)

MARC details
000 -LEADER
fixed length control field 00738nam a22002177a 4500
005 - DATE AND TIME OF LATEST TRANSACTION
control field 20181005112235.0
010 ## - LCCN (DPL NO)
LC control number ENG-124181
020 ## - INTERNATIONAL STANDARD BOOK NUMBER
International Standard Book Number 9789353161576
Terms of availability 1050.00
035 ## - SYSTEM CONTROL NUMBER
System control number EN-107713
037 ## - SOURCE OF ACQUISITION
Source of stock number/acquisition DBAD/PUB.
082 ## - DEWEY DECIMAL CLASSIFICATION NUMBER
Classification number 005.133076
100 ## - MAIN ENTRY--PERSONAL NAME
Personal name Sierra, Kathy
245 ## - TITLE STATEMENT
Title OCP javaTM SE8 programmer II exam guid (Exam 1ZO-809) /
Statement of responsibility, etc by Kathy Sierra; Bert Bates [and] Elisabeth Robson
260 ## - PUBLICATION, DISTRIBUTION, ETC. (IMPRINT)
Name of publisher, distributor, etc Tata McGraw Hill
Date of publication, distribution, etc 2018
Place of publication, distribution, etc Chennai
270 ## - ADDRESS
Address 444,/1, Sri Ekambara Naicker Industrial Estate, Alapakkam, Porur,
City Chennai
Postal code 600116
300 ## - PHYSICAL DESCRIPTION
Extent xliv, 925p.
Dimensions 25cm(pbk)
Other physical details ill.
500 ## - GENERAL NOTE
General note It includes index
700 ## - ADDED ENTRY--PERSONAL NAME
Personal name Bates, Bert
700 ## - ADDED ENTRY--PERSONAL NAME
Personal name Robson, Elisabeth
942 ## - ADDED ENTRY ELEMENTS (KOHA)
Source of classification or shelving scheme Dewey Decimal Classification
Item type English Books
Call number suffix SIE
Classification part 005.133076
Holdings
Withdrawn status Lost status Not for loan Collection code Home library Current library Date acquired Source of acquisition Cost, normal purchase price Full call number Barcode Copy number Cost, replacement price Koha item type
    Not For Loan Non-fiction D.B.Act.Division Sarojini Nagar 05/10/2018 DBAD/PUB 1050.00 005.133076 SIE EN-107713 1 1050.00 English Books

© Delhi Public Library
Hit Counter
free hit counter